000 00423cam a2200181ua 4500
001 9761
008 160228n II |||gr||||Z||||||eng
040 _aMAIN
041 _aEnglish
082 _a330.54 SAR
100 _aSARKAR & MITRA.
245 _aDEGREE STUDIES IN INDIAN ECONOMICS
300 _a219:
_c20CM.
653 _aINDIAN ECONOMY
700 _aSARKAR & MITRA.,
_eAuthor.
700 _aMAITRA.
942 _cBK
999 _c9733
_d9733